| 000 | 00931cam a22002771 4500 | ||
|---|---|---|---|
| 001 | 25288 | ||
| 003 | BD-RjUL | ||
| 005 | 20211209050846.0 | ||
| 008 | 140316r19561952enka 001 0 eng | ||
| 035 | _a(BD-RjUL)25357 | ||
| 035 | _a(OCoLC)2141512 | ||
| 040 |
_aDLC _cFJUNF _dUk _dDLC _dBD-RjUL _beng |
||
| 041 | _aeng | ||
| 082 | 0 | 4 |
_a942.08 _bLIP 1956 |
| 100 | 1 |
_aLindsay, Donald, _d1910- _977772 |
|
| 245 | 1 | 2 |
_aA portrait of Britain between the exhibitions, (1851-1951) / _cby Donald Lindsay and E. S. Washington. Illustrated by R. S. Sherriffs. |
| 260 |
_aOxford, _bClarendon Press, _c1952 [reprinted 1956]. |
||
| 300 |
_a321 p. : _billus. ; _c21 cm. |
||
| 504 | _aincludes index. | ||
| 651 | 0 |
_aGreat Britain _xHistory _y19th century. _977773 |
|
| 651 | 0 |
_aGreat Britain _xHistory _y20th century. _917470 |
|
| 651 | 0 |
_aGreat Britain _xCivilization. _977774 |
|
| 942 |
_2ddc _cBK |
||
| 999 |
_c25288 _d25288 |
||